| 000 | 004210000a22001690004500 | ||
|---|---|---|---|
| 003 | MACL | ||
| 005 | 20160109132421.0 | ||
| 008 | 160109b xxu||||| |||| 00| 0 eng d | ||
| 040 |
_aMACL _cMACL |
||
| 041 | _aEnglish | ||
| 082 | _a824/ELL | ||
| 100 |
_aEllis, Havelock _923622 |
||
| 245 | _aThe New Spirit | ||
| 260 |
_bThe Walter Scott publishing co Ltd _aLondon |
||
| 650 |
_aEssays _930390 |
||
| 942 |
_cBK _k824/ELL _2ddc |
||
| 999 |
_c36480 _d36480 |
||